000 00662nam a22002417a 4500
005 20230106161030.0
008 230106b ||||| |||| 00| 0 eng d
020 _a0330253557
040 _cAL
041 _aEnglish
082 _223
_a813.54
_bBACI
100 _aRichard Bach
_968794
245 _aIllusions: The Adventures of a Reluctant Messiah
260 _aLondon
_bPan Books
_c1978
300 _a144 p.
_bPB
_c17x12.5 cm.
650 _aMessiah
_968795
650 _aIndiana
_968796
650 _aAmerican fiction
_968797
650 _aAdventure stories
_968798
650 _aAllegories
_968799
700 _aBACH (Richard)
_968800
942 _2ddc
_cDB
999 _c226313
_d226313